marketing managment (vaz new (Record no. 419316)

MARC details
000 -LEADER
fixed length control field 00358nam a2200169Ia 4500
008 - FIXED-LENGTH DATA ELEMENTS--GENERAL INFORMATION
fixed length control field 230605s9999 xx 000 0 und d
041 ## - LANGUAGE CODE
Language code of text/sound track or separate title eng
100 ## - MAIN ENTRY--PERSONAL NAME
Personal name vaz
245 ## - TITLE STATEMENT
Title marketing managment (vaz new
250 ## - EDITION STATEMENT
Edition statement 1st
260 ## - PUBLICATION, DISTRIBUTION, ETC.
Name of publisher, distributor, etc. manan prakashan
300 ## - PHYSICAL DESCRIPTION
Extent 139
365 ## - TRADE PRICE
Price amount 72
Tax rate 1 10
500 ## - GENERAL NOTE
General note 2160
520 ## - SUMMARY, ETC.
Summary, etc. General
650 ## - SUBJECT ADDED ENTRY--TOPICAL TERM
Topical term or geographic name entry element M.M.

No items available.